| 000 | 01005nas a2200325 4500 | ||
|---|---|---|---|
| 001 | BR2012001122 | ||
| 003 | BR-BrBNA | ||
| 005 | 20231205120304.0 | ||
| 007 | ta | ||
| 008 | 230509b bl.|||p| |||| 00| 00por d | ||
| 040 |
_aBR-BrBNA _bpor _cBiblioteca Nacional de Agricultura |
||
| 041 | _a(Pt) | ||
| 072 | _aM40; P33 | ||
| 100 | 1 | _aTavares, D.S. | |
| 100 | 1 | _aMaia, R.C. | |
| 100 | 1 | _aRocha-Barreira, C.A. | |
| 245 | 1 | _aContribuição de Melampus coffeus (Gastropoda, Ellobiidae)na degradação da serapilheira do médio estuário do rio Pacoti, Ceará, Brasil | |
| 650 | _aECOLOGIA AQUÁTICA | ||
| 650 | _aMEIO AMBIENTE | ||
| 650 | _aMOLUSCO | ||
| 650 | _aCARAMUJO | ||
| 650 | _aGASTROPODA | ||
| 650 | _aSERAPILHEIRA | ||
| 650 | _aMANGUEZAL | ||
| 650 | _aSOLO | ||
| 650 | _aRESÍDUO ORGÂNICO | ||
| 773 | 0 |
_tIheringia - Série Zoologia (Brazil) _xISSN 0073-4721 _g(Jun 2011), v. 101(1-2) p. 56-60 _wBR2012001122 |
|
| 909 |
_a202311 _bLúcia _c55 _dLúcia Elande |
||
| 942 |
_2AGRIS _n0 _cANA |
||
| 999 |
_c217762 _d217762 |
||